Appellations Provence et Corse - Statistiques

Statistiques générales
  • Ce quiz a été pris 64 fois
  • Le résultat moyen est 7 sur 24
Statistiques - réponses
Couleur Appellation % Correct
Rosé Rouge Blanc Bandol
75%
Rouge Rosé Blanc Patrimonio
65%
Rosé Rouge Blanc Côtes de Provence
60%
Rouge Rosé Blanc Ajaccio
50%
Rouge Rosé Blanc Palette
45%
Blanc Rosé Rouge Cassis
40%
Rouge Blanc Rosé Bellet
35%
Rouge Rosé Blanc Baux de Provence
30%
Rosé Rouge Blanc Côteaux d'Aix en Provence
30%
VDN Muscat du Cap-Corse
30%
Rosé Rouge Blanc Vin de Corse
25%
Rosé Rouge Blanc Côteaux Varois en Provence
20%
Rosé Rouge Côtes de Provence Fréjus
20%
Rosé Rouge Blanc Côtes de Provence La Londe
20%
Rosé Rouge Côtes de Provence Notre-Dame-des-Anges
20%
Rosé Rouge Côtes de Provence Sainte-Victoire
20%
Rouge Rosé Blanc Vin de Corse Figari
20%
Rouge Rosé Blanc Vin de Corse Sartène
20%
Rosé Rouge Côtes de Provence Pierrefeu
15%
Rosé Sable de camargue
15%
Rouge Rosé Blanc Vin de Corse Calvi
15%
Rosé Rouge Blanc Vin de Corse Côteaux-du-Cap-Corse
15%
Rouge Rosé Blanc Vin de Corse Porto-Vecchio
15%
Rosé Rouge Blanc Pierrevert
10%
Aucun quiz correspondant
Distribution des résultats
% des personnes avec chaque résultat
Percentile par nombre de réponses
Votre historique - résultats
Vous n’avez pas pris ce quiz